000 01018cam a2200325 a 4500
001 163808
003 ARRUPE
005 20160216094405.0
008 980529s1998 fr a b 000 0 fre d
010 _a 98155202
020 _a2738105173
035 _a(OCoLC)39198022
040 _aFFD
_cFFD
_dCUY
_dFAS
_dDLC
042 _alccopycat
050 0 0 _aB67
_b.C42 1998
082 0 0 _a100
_221
100 1 _aChangeux, Jean-Pierre.
_922335
245 1 0 _aCe qui nous fait penser :
_bla nature et la règle /
_cJean-Pierre Changeux, Paul Ricœur.
260 _aParis :
_bO. Jacob,
_cc1998.
300 _a350 p. :
_bill. ;
_c22 cm.
504 _aIncludes bibliographical references.
650 0 _aPhilosophy and science.
_919831
650 0 _aBrain.
_922336
650 0 _aNeurosciences.
_99794
650 0 _aNeuropsychology.
_914701
700 1 _aRicœur, Paul.
_922337
906 _a7
_bcbc
_ccopycat
_d3
_encip
_f19
_gy-gencatlg
942 _2lcc
_cSPC
999 _c124188
_d124188